Les douze stations de métro les plus utilisé à Montréal en 2006 - Statistiques

Statistiques générales
  • Ce quiz a été pris 14 fois
  • Le résultat moyen est 8 sur 12
Statistiques - réponses
Hint Réponse % Correct
10 Place des arts
100%
1 Berri-UQAM
91%
2 McGill
91%
9 Peel
91%
6 Bonaventure
82%
12 Jean-talon
82%
7 Côte-Vertu
64%
5 Guy-Concordia
64%
4 Henri-Bourassa
64%
8 Atwater
55%
11 Vendôme
55%
3 Longueuil–U.-de-Sherbrooke
9%
Aucun quiz correspondant
Distribution des résultats
% des personnes avec chaque résultat
Percentile par nombre de réponses
Votre historique - résultats
Vous n’avez pas pris ce quiz